000 00408nam a2200145Ia 4500
008 220204s9999 xx 000 0 und d
082 _a631.42
_bLOV
245 0 _aMethods for analysis of irrigated soils
260 _aEngland
_bCAB
_c1974
490 _aCommonwealth bureau of soils, technical communication;54
650 _aSoil analysis
650 _aWater retention
700 _aLOVEDAY, J
942 _cBK
999 _c28692
_d28692